| 000 | 00741nam a22002057a 4500 | ||
|---|---|---|---|
| 999 |
_c10830 _d10830 |
||
| 008 | 180921b ||||| |||| 00| 0 eng d | ||
| 020 | _a978-1-305-95812-8 | ||
| 082 |
_22018 _aDC 629.2504 _bH117 |
||
| 100 |
_aHadfield, Christopher _931510 |
||
| 245 |
_aShop manual for automotive engine repair and rebuilding / _cChristopher Hadfield and Randy Nussler |
||
| 250 | _aSixth Edition | ||
| 260 |
_aAustralia : _bCengage Learning, _c©2018. |
||
| 300 |
_axx, 714 pages ; _bcolor illustrations : _c27 cm. |
||
| 440 |
_aToday's Technician _931506 |
||
| 500 | _aIncludes appendix and index. | ||
| 650 |
_aAutomobiles -- Motors -- Maintenance and repair _931508 |
||
| 700 |
_aNussler, Randy _931509 |
||
| 365 |
_b9,995.00 _cPhp. |
||
| 942 |
_2ddc _cDC |
||